[Event "RUS-ch 1/2 fin"]
[Site "Krasnodar"]
[Date "2002.??.??"]
[Round "?"]
[White "Kazansev, Alexadr"]
[Black "Udovichenko, Nikolai"]
[Result "1-0"]
[WhiteElo "2275"]
[BlackElo "2226"]
[PlyCount "57"]
[EventDate "2002.??.??"]
[EventType "swiss"]
[EventRounds "9"]
[EventCountry "RUS"]
[SourceTitle "EXT 2003"]
[Source "ChessBase"]
[SourceDate "2002.11.25"]
[SourceVersion "1"]
[SourceVersionDate "2002.11.25"]
[SourceQuality "1"]

1. d4 Nf6 2. c4 e6 3. Nc3 d5 4. Nf3 Be7 5. Bf4 c6 6. e3 0-0 7. Rc1 Nbd7 8. Bd3 Re8 9. 0-0 Nf8 10. Ne5 N6d7 11. Qh5 Nxe5 12. Bxe5 Ng6 13. Bg3 Bf6 14. f4 dxc4 15. Be4 Bd7 16. Bb1 b5 17. Ne4 Be7 18. Ng5 Bxg5 19. fxg5 Qe7 20. Rf2 Rac8 21. Rcf1 Rf8 22. Be5 Rfd8 23. Rf3 Qe8 24. Rh3 Nxe5 25. Qxh7+ Kf8 26. dxe5 Rb8 27. Qh8+ Ke7 28. Qxg7 Bc8 29. g6 1-0

[Event "RUS-ch 1/2 fin"]
[Site "Krasnodar"]
[Date "2002.??.??"]
[Round "?"]
[White "Skorchenko, Dmitry"]
[Black "Kazansev, Alexadr"]
[Result "1-0"]
[WhiteElo "2420"]
[BlackElo "2275"]
[PlyCount "66"]
[EventDate "2002.??.??"]
[EventType "swiss"]
[EventRounds "9"]
[EventCountry "RUS"]
[SourceTitle "EXT 2003"]
[Source "ChessBase"]
[SourceDate "2002.11.25"]
[SourceVersion "1"]
[SourceVersionDate "2002.11.25"]
[SourceQuality "1"]

1. e4 c5 2. Nf3 Nc6 3. d4 cxd4 4. Nxd4 g6 5. c4 Bg7 6. Be3 d6 7. Nc3 Nf6 8. Be2 0-0 9. 0-0 a6 10. Qd2 Ng4 11. Bxg4 Bxg4 12. f3 Bd7 13. Rfd1 Qc7 14. Nd5 Qd8 15. Rac1 Rc8 16. b3 Nxd4 17. Bxd4 Bxd4+ 18. Qxd4 Bc6 19. Nb6 Rb8 20. a4 Qe8 21. Rc3 f5 22. exf5 Rxf5 23. Re3 Qf8 24. b4 Rd8 25. b5 axb5 26. axb5 Be8 27. Rde1 Rf7 28. Qh4 d5 29. Nxd5 Rxd5 30. cxd5 Bxb5 31. Rxe7 h5 32. Rxf7 Qc5+ 33. Qf2 Qxf2+ 1-0